000 01950nam a2200349 i 4500
001 53657
003 ES-MaACL
005 20250724015102.0
007 t|
008 031107q1764 sp ||||1| spa d
080 _a61(043)"17"
100 1 _aFernández Barea, Manuel.
_949501
245 1 0 _aVarias dissertaciones academicas /
_cde D. Manuel Fernández Barea.
260 _aMálaga :
_ben la Oficina de Francisco Martínez de Aguilar,
_c1764.
300 _a[4], 1-67, [3], 69-114 [i.e. 214], 208-213, [2] p. ;
_c4º.
500 _aFecha de publicación tomada de la licencia de impresión.
500 _aCada disertación tiene portada propia.
505 8 _aContiene: Oración pronunciada en la Academia de Ciencias Naturales y Buenas Letras de Málaga en el dia 8 de noviembre de mil setecientos cincuenta y nueve -- Historia interior de la medicina -- Juicio práctico sobre las virtudes medicinales del agua -- Memorias de algunas observaciones sobre las virtudes de el Kermes mineral -- Dissertación sobre la sangría
530 _aDisponible en formato digital.
597 _aSign.: A-Z4, 2A-2D4, 2E3.
597 _aIniciales grabadas.
597 _aError de pág., duplica la numeración de las pp. 69-70.
650 1 4 _aMedicina-
_vObras anteriores a 1800
_914912
740 0 _aHistoria interior de la medicina.
740 0 _aJuicio práctico sobre las virtudes medicinales del agua.
740 0 _aMemorias de algunas observaciones sobre las virtudes de el Kermes mineral.
740 0 _aDissertacion sobre la sangria.
740 0 _aOración pronunciada en la Academia de Ciencias Naturales y Buenas Letras de Málaga, en el día 8 de noviembre de mil setecientos cincuenta y nueve.
852 _aES-MaACL
_jR-3429(3)
_q. - Ejemplar falto de portada
856 _uhttp://bdh-rd.bne.es/viewer.vm?id=0000125768&page=1
_zBiblioteca Digital Hispánica
999 _c53657
_d53657